1731 1019 1241 1377 1419 1767 1482 1258 1068 1756 1235 1091 1720 1995 1299 1853 1344 1475 1213 1779 1652 1570 1274 1449 1370 1127 1043 1943 1371 1611 1509 1700 1336 1437 1027 1182 1762 1814 1580 1380 1466 1555 1727 1273 1434 1769 1347 1796 1644 1233 1449 1350 1168 1247 1425 1699 1134 1400 1751 1960 1557 1128 1197 1588 1157 1512 1236 1818 1025 1153 1691 1342 1104 1687 1415 1040 1375 1877 1093 1413 1285 1857 1787 1928 1738 1263 1932 1254 1347 1892 1588 1735 1101 1536 1076 1444 1875 1885 1974 BCNSPRNW ULIB Ver.6.0+V

เปลี่ยนเป็นภาษาไทย

Change to English
 แสดงรายละเอียดบรรณานุกรม
  กลับหน้าหลัก

Brief Record : Get Marc (ISO 2709) : E-mail record : QR code < ปิดหน้าต่าง
LEADER : 00000nam 2200000uu 4500
001    13399112324
003     ULIB
008    110627s||||||||th 000 0 tha d
020    9786160603626
090    นว.^bจ757P มปป.
100 0  เจ้าปลาน้อย
245 00 Pandora-Z...ซ่อนรักไว้เป็นความลับ/^cเจ้าปลาน้อย
260    กรุงเทพฯ :^bแจ่มใส,^cมปป.
300    180 หน้า
710 1  แจ่มใส
945    ^p139^l0^i030391
995    ทศพร
999 ^a ใช้งานได้ทุกระบบ
รายการนี้ยังไม่มีแท็ก
คุณยังไม่ได้ล็อกอิน คุณสามารถมีกิจกรรมร่วมกับเว็บไซต์ได้ แต่ต้องล็อกอินก่อน ::
  ล็อกอิน

รายการสื่อสารสนเทศ

ลำดับที่ ประเภท เลขเรียก/บาร์โค้ด สถานที่ สถานะ
- ไม่พบข้อมูล -

รายการใกล้เคียง
    ผู้แต่ง [เจ้าปลาน้อย]

BibComment


ยังไม่เคยถูกคอมเมนท์

คอมเมนท์ทรัพยากรรายการนี้
  คอมเมนท์: PandoraZซ่อนรักไว..


 Copyright 2026. Bcnsprnw @Library